| 000 | 01077nam a2200373 4500 | ||
|---|---|---|---|
| 001 | a4433444 | ||
| 003 | DO-SdBNP | ||
| 005 | 20230824103553.0 | ||
| 007 | a4433444 | ||
| 008 | 081124s1999 sp | ||
| 015 | _a | ||
| 017 |
_a _b |
||
| 035 | _a | ||
| 040 |
_aBPMSU _bspa _cBPMSU _e |
||
| 082 | 4 |
_a891.623 _bG973v 1999 _222 |
|
| 100 | 1 |
_4Swiff, Jonathan _d1667-1745 [ |
|
| 130 | 0 |
_aGulliver's travels _lEspañol-Inglés |
|
| 245 | 1 | 4 |
_aLos viajes de Gulliver / _cJonathan Swiff _h |
| 260 |
_aMadrid : _bServilibro, _c1999 |
||
| 300 |
_a 126 p. ; _b 19 cm. |
||
| 490 | 0 |
_aClásicos de siermpre _a |
|
| 500 | _a | ||
| 500 | _a | ||
| 500 | _a | ||
| 521 | _aAptas para todos los públicos | ||
| 546 | _aVersiones en español e inglés, con subtítulos opcionales en español e inglés | ||
| 590 | _6Inventariado, 2023/VM | ||
| 650 | 4 | _a Novela juvenil irlandesa | |
| 650 | 4 |
_aMitos geográficos _vNovela |
|
| 650 | 4 |
_aViajes imaginarios _v Novela |
|
| 650 | 4 | _aNovela de aventuras | |
| 910 | _aVMateo V. Control de calidad. BPMSU | ||
| 942 |
_2ddc _cBK |
||
| 999 |
_c9057 _d9057 |
||